| 000 | 00822nam a2200229 a 4500 | ||
|---|---|---|---|
| 001 | 000006563 | ||
| 005 | 20200929153943.0 | ||
| 008 | 090901s1989 dr ac r 001 0bspa d | ||
| 020 | _a8489533075 | ||
| 040 |
_aDO-SdBNP _bspa _cBNPHU |
||
| 082 |
_a610.92 _bP433S |
||
| 100 | 1 |
_aSuárez Marill, Mario _918218 |
|
| 245 | 1 | 0 |
_aUn dominicano emérito : _bManuel Emilio Perdomo médico y maestro / _cMario Suárez Marill ; prólogo Nicolás E. Pichardo. |
| 260 |
_aSanto Domingo : _bCENAPEC, _c1989. |
||
| 300 |
_a95 p. : _bil., retrs. ; _c25 cm. |
||
| 504 | _aBibliografía : p. 94-95. | ||
| 590 | _aInventariado,2018/DG | ||
| 600 | 1 | 4 |
_aPERDOMO CANAL, MANUEL EMILIO, _d1888-1964 _918219 |
| 650 | 4 |
_aMédicos dominicanos _918220 |
|
| 700 | 1 |
_aPichardo, Nicolás E., _epról. _918221 |
|
| 910 | _aValidado. Control de calidad. EMS | ||
| 999 |
_c6354 _d6354 |
||